Prénoms les plus donnés en France étant des capitales - Statistiques

Statistiques générales
  • Ce quiz a été pris 573 fois
  • Le résultat moyen est 2 sur 10
Statistiques - réponses
Nombre de fois donné Prénom % Correct
371 Paris
91%
31 235 Sofia
42%
2 141 Santiago
23%
45 062 Victoria
17%
3 538 Riyad
14%
3 243 Sanaa
12%
591 Doha
6%
180 Damas
5%
159 Kingston
5%
472 Yaren
2%
Aucun quiz correspondant
Distribution des résultats
% des personnes avec chaque résultat
Percentile par nombre de réponses
Votre historique - résultats
Vous n’avez pas pris ce quiz